Effects of Carbon, Chromium and Molybdenum Contents on Solidification and Mikrostructure od 15 or 20 . Cr White Irons : Brasil
Salvato in:
| Natura: | Libro |
|---|---|
| Lingua: | inglese |
| Pubblicazione: |
Moskva :
CIATF,
1988
|
| Tags: |
Nessun Tag, puoi essere il primo ad aggiungerne!!
|
MARC
| LEADER | 00000nam a22000003a 4500 | ||
|---|---|---|---|
| 001 | stu35750 | ||
| 005 | 20141122054507.6 | ||
| 008 | 920505s1988----xxr-----------------eng-d | ||
| 040 | |a STU |b slo | ||
| 041 | 0 | |a eng | |
| 044 | |a xxr | ||
| 245 | |a Effects of Carbon, Chromium and Molybdenum Contents on Solidification and Mikrostructure od 15 or 20 . Cr White Irons : |b Brasil | ||
| 260 | |a Moskva : |b CIATF, |c 1988 | ||
| 300 | |a 10 s | ||
| 996 | |b MB 96 4 |c M*B-96-4 |l MMST |s P |a 0 |w stu35750_0001 | ||